Powiaty w województwie opolskim - nagła śmierć - Statystyki

Ogólne statystyki
  • Ten quiz został rozwiązany 80 razy
    79 od ostatniego zresetowania
  • Średni wynik to 9 z 12
Answers on the Grid
Answers color-coded by a green-red scale on the quiz's grid according to % correct below.
brzeski
Chorzów
Częstochowa
działdowski
elbląski
głubczycki
górowski
hajnowski
hrubieszowski
Jastrzębie-Zdrój
kędzierzyńsko-kozielski
kępiński
kluczborski
kościerski
krapkowicki
krośnieński
leszczyński
lipnowski
Lwówecki
łobeski
Łomża
łosicki
łowicki
łukowski
makowski
milicki
mławski
moniecki
namysłowski
nyski
oleski
oleśnicki
Opole
opolski
Piekary Śląskie
policki
polkowicki
prudnicki
pucki
raciborski
rawicki
siemiatycki
sławieński
słubicki
Słupsk
strzelecki
Toruń
wągrowiecki
wrzesiński
żuromiński
 
Statystyki odpowiedzi
Odpowiedź % Poprawnych
brzeski
92%
opolski
92%
głubczycki
85%
kędzierzyńsko-kozielski
85%
kluczborski
77%
Opole
77%
krapkowicki
69%
nyski
69%
prudnicki
69%
strzelecki
69%
namysłowski
62%
oleski
54%
Nie znaleziono quizów pasujących do podanych kryteriów
Rozkład punktacji
Procent ludzi z każdym wynikiem
Percentyl według liczby udzielonych odpowiedzi
Twoja historia wyników
Nie rozwiązałeś tego quizu od ostatniego zresetowania